00000000nam 2200000zi 4500
0019.942487
003CaOODSP
00520251031142449
006m     o  d f      
007cr cn|||||||||
008240827t20242024oncdab  ob   f000 0 eng d
020 |a9780660733562
040 |aCaOODSP|beng|erda|cCaOODSP
043 |an-cn-ns
0861 |aM183-2/9211E-PDF
1001 |aKostylev, V. E., |eauthor.
24510|aSeafloor flora, fauna, and texture in photographs from CCGS J.L. Hart survey 2004010 in the Strait of Canso, offshore Nova Scotia / |cV.E. Kostylev, D.R. Parrott, and S. Rumbolt.
264 1|a[Ottawa] : |bGeological Survey of Canada, |c2024.
264 4|c©2024
300 |a1 online resource (ii, 26 pages) : |bcharts, illustrations, maps.
336 |atext|btxt|2rdacontent
337 |acomputer|bc|2rdamedia
338 |aonline resource|bcr|2rdacarrier
4901 |aOpen file, |x2816-7155 ; |v9211
504 |aIncludes bibliographical references.
520 |a"Southeast of the Canso Causeway, seafloor photographs and samples confirm that much of the seafloor is covered by a thin veneer of fine sediments with a dense population of the deposit-feeding brittle star Ophiura sarsi. Sea anemone Hormathia nodosa, which generally anchor on a hard substrate, are visible in many images, indicating the presence of coarser material under the fine surface veneer. Richness of benthic epifauna varies with the substrate type and increases with distance from the causeway. The higher accumulation of deposit feeders, seaweed debris and detritus on the surface of seabed in the inner part of the strait, indicates that the strait is effectively capturing and accumulating organic material"--Executive Summary, page 1.
650 0|aMarine sediments|zNova Scotia|zCanso, Strait of.
650 0|aOcean bottom ecology|zNova Scotia|zCanso, Strait of.
650 6|aSédiments marins|zNouvelle-Écosse|zCanso, Détroit de.
650 6|aÉcologie des fonds marins|zNouvelle-Écosse|zCanso, Détroit de.
7102 |aGeological Survey of Canada, |eissuing body.
830#0|aOpen file (Geological Survey of Canada)|x2816-7155 ; |v9211.|w(CaOODSP)9.506878
85640|qPDF|s10.40 MB|uhttps://publications.gc.ca/collections/collection_2025/rncan-nrcan/m183-2/M183-2-9211-eng.pdf
8564 |qHTML|sN/A|uhttps://doi.org/10.4095/p3mh7yw3ee